Tristium libri quinque, Ibis, Ex Ponto libri quattuor, Helieutica, Fragmenta /

Guardado en:
Detalles Bibliográficos
Autor principal: Ovidio Nasón, Publio (autor)
Formato: Libro
Idioma:latín
Publicado: Londres, Inglaterra : Oxonii : 1951, c1915
Colección:(Scriptorum Classicorum Bibliotheca Oxoniensis)
Temas:
Etiquetas: Agrega una etiqueta
Sin etiquetas, Sé el primero en etiquetar este registro!

MARC

LEADER 00000nam^a2200000^a^4500
001 000380492
005 20250526000000.0
009 20260310120605.02
037 |a Acervo Xavier Clavigero 
041 |a LAT 
082 |a 871.  |b OVI 
100 |a Ovidio Nasón, Publio  |e (autor) 
240 1 1 |a [Triste] 
240 1 1 |a [Ibis] 
240 1 1 |a [Cartas desde el Ponto] 
240 1 1 |a [Haliéutica] 
240 1 1 |a [Fragmentos de Ovidio] 
245 1 4 |a Tristium libri quinque, Ibis, Ex Ponto libri quattuor, Helieutica, Fragmenta /  |c P. Ovidio Nasón ; notas de S.G. Owen. 
264 4 |a Londres, Inglaterra :  |b Oxonii :  |c 1951, c1915 
300 |a 1 v. (sin paginación) ;  |c 19.0 cm. 
336 |a texto  |b txt  |2 rdacontenido 
337 |a sin mediación  |b n  |2 rdamedio 
338 |a volumen  |b nc  |2 rdasoporte 
440 1 |a (Scriptorum Classicorum Bibliotheca Oxoniensis) 
545 0 |a Publio Ovidio Nasón (43 a.C.-17 d.C), poeta latino nacido en Sulmona, se instruyó en retórica y leyes. Por algún tiempo desempeñó algunos cargos propios de su formación, pero al final decidió dedicarse de tiempo completo a su vocación poética. Después de gozar de buena posición y estima literaria y por razones que se desconocen con certeza, en el año 8 a.C. fue desterrado de Roma por el emperador Augusto, a un lugar llamado Tomi, hoy Constanza, donde murió; algunos de sus libros fueron quemados en público por considerarlos inmorales. Su escritura da cuenta del amor, el erotismo, la tristeza, las festividades romanas y las leyendas mitológicas. Entre sus obras se encuentran Metamorfosis, Fastos, Tristes, Amores, Arte de amar, Remedios de amor, Heroidas, y otras. 
561 |a Ex libris de Instituto de Literatura Puente Grande, Jal. 
561 |a Ex libris de Biblioteca Juniorado San José 
561 |a Ex libris de Biblioteca Magnopontana San José Provincia Mexicana Septentrional S.J. 
649 |a XX 
650 |a Cartas Latinas 
650 |a Elegías 
650 |a Poesía Latina 
650 |a Literatura Latina 
650 |a Literatura Clásica 
650 |a Pesca en la Literatura 
740 0 |a Tristium :  |b libri quinque /  |c P. Ovidio Nasón. 
740 0 |a Ibis /  |c P. Ovidio Nasón. 
740 0 |a Ex Ponto :  |b libri quattuor /  |c P. Ovidio Nasón. 
740 0 |a Halieutica /  |c P. Ovidio Nasón. 
740 0 |a Fragmenta /  |c P. Ovidio Nasón. 
910 |a Fondo General 
920 |a Impresos - Libros 
930 |a Libros Antiguos y Raros 
940 |a Literatura 
905 |a 108 
901 |a 022718  |b IT2  |c LRA  |u 20250526 
902 |a https://opac.biblio.iteso.mx/vufind/Record/000380492